000 00375nam a2200133Ia 4500
008 210210b1976 xxu||||| |||| 00| 0 eng d
082 _aS491.5 UPAS
100 _aUPADYAY (Ramji) and TIVARI (Manorama), Ed.
245 _aSamany samskrat vyakaran.
260 _aVaranasi.
_bChaukamba Oriyantaliya.,
_c1976
300 _a8,164
690 _aSanskrit Grammar
906 _aSG00934
999 _c112392
_d112392